000 00734cam a22002533a 4500
001 20194
003 PGUSA
005 20140828083428.0
008 061226s2006||||xxu|||||s|||||000 | eng d
040 _aPGUSA
_beng
042 _adc
050 4 _aDT
050 4 _aJQ
100 1 _aBrandt, Johanna,
_d1877-1964
245 1 4 _aThe Petticoat Commando :
_bBoer Women in Secret Service
_h[electronic resource] /
_cJohanna Brandt
260 _bProject Gutenberg,
_c2006
506 _aPublic domain in the USA.
516 _aElectronic text
653 _aSouth African War, 1899-1902
653 _aWomen in war -- South Africa
830 0 _aProject Gutenberg
_v20194
856 4 0 _uhttp://www.gutenberg.org/ebooks/20194
942 _cEB
999 _c249449
_d249449